L'Educació : intel·lectual, moral i física / Herbert Spencer ; pròleg de Jordi Monés ; traducció de Maties Mulet intel·lectual, moral i física / Herbert Spencer ; pròleg de Jordi Monés ; traducció de Maties Mulet
Descripción Física:
LXVIII, 189 p. ; 20 cm
Colección:
Textos pedagògics ; 21
Materias:
Pedagogia
MARC
| LEADER | 00000nam a2200000Ia 4500 | ||
|---|---|---|---|
| 001 | 8973 | ||
| 008 | 160829s1989 xx 000 0 cat d | ||
| 080 | |a E-1-138 | ||
| 100 | |a Spencer, Herbert |9 28894 | ||
| 245 | |a L'Educació : |b intel·lectual, moral i física / Herbert Spencer ; pròleg de Jordi Monés ; traducció de Maties Mulet | ||
| 260 | |a Vic : |b Eump ; Barcelona : |b Diputació de Barcelona, |c 1989 | ||
| 300 | |a LXVIII, 189 p. ; |c 20 cm | ||
| 490 | |a Textos pedagògics ; 21 | ||
| 650 | |a Pedagogia |9 35391 | ||
| 700 | |a Monés i Pujol-Busquets, Jordi, pr. |9 25972 | ||
| 700 | |a Mulet, Matias, tr. |9 28895 | ||
| 710 | 1 | |a Barcelona (Catalunya : Província). |b Diputació |9 52408 | |
| 901 | |a Arxiu | ||
| 942 | |n 1 | ||
| 952 | |0 0 |1 0 |4 0 |6 E1138 |7 1 |9 44968 |a Arxiu |b Arxiu |d 2016-12-01 |l 0 |o E-1-138 |p 8973 |r 2016-12-01 00:00:00 |w 2016-12-01 |y ARXIU | ||
| 999 | |c 47567 |d 47567 | ||